Statistiques concernant Paroles - Aimer à perdre la raison - Jean Ferrat

Cliquez ici pour prendre le quiz!

Statistiques générales

  • Ce quiz a été pris 235 fois
  • Le résultat moyen est 130 sur 156

Statistiques - réponses

Paroles% Correct
A
100%
à
100%
Aimer
100%
la
100%
La
100%
ne
100%
perdre
100%
raison
100%
que
99%
Que
99%
savoir
98%
dire
96%
de
94%
et
93%
Et
93%
n'en
91%
du
90%
par
89%
toi
89%
Toi
89%
n'avoir
86%
le
85%
d'horizon
84%
connaitre
81%
ma
81%
saisons
80%
douleur
79%
C'est
77%
c'est
77%
les
77%
partir
77%
mon
72%
Mon
72%
se
71%
je
70%
toujours
67%
toute
65%
amour
64%
ton
63%
l'on
61%
En
59%
qu'on
59%
Ah
58%
Dans
55%
blesse
54%
Toutes
54%
brisé
53%
faiblesse
53%
froid
53%
crois
51%
délaisse
51%
elle
51%
martyrisée
51%
faim,
50%
monde
50%
j'y
49%
bonheur,
48%
chair
47%
fatigue
47%
miroir
47%
misères
47%
nuit
47%
pauvre
46%
insulte
44%
porte
43%
croix
42%
fonde
38%
leurs
33%
nuits
30%

Distribution des résultats

Percentile par nombre de réponses

% des personnes avec chaque résultat

Votre développement - résultats

Vous n’avez pas pris ce quiz